000 00690nam a2200205Ia 4500
001 9210
003 GE_BSU
008 181216s||||||||xx |||||||||||||| ||und||
040 _cGE_BSU
080 _a821(47+57)-3
245 _aდაუვიწყარი დღეები
245 _cრედაქტორ-შემდგენელი ა.გაბესკირია;მხატვ:ლ.გრიგოლია
260 _aთბილისი.
260 _bსაბლიტგამი
260 _c1954
300 _a292გვ;20სმ.
653 _aდაუვიწყარი დღეები
653 _aმოთხრობები.
942 _cBK
999 _c42513
_d42513